| 000 | 00487nam a22001337a 4500 | ||
|---|---|---|---|
| 020 | _a9995058006 | ||
| 040 | _cDLC | ||
| 082 | _a581 RAT 2005 C279 Or. | ||
| 100 | _aTeav Ratanak | ||
| 245 | _a Paysages et plantations de Phnom Penh | ||
| 260 |
_aPhnom Penh, _bAmbassade de France au Cambodge, Service de Coopération et d'Action culturelle et Municipalité de Phnom Penh, Bureau des Affaires urbaines, _c2005 |
||
| 300 |
_a80 pages : _bcolor illustrations, maps ; _c24 cm |
||
| 942 | _cAEDBB | ||
| 999 |
_c22531 _d22531 |
||